Sanat - "Tästä asti aikaa" - Kolmas Nainen - Statistics

Yleistilastot
  • Tätä visaa on pelattu 347 kertaa
  • Keskiarvotulos 107 / 152
Vastaustilastot
Sanat % Oikein
aikaa
98%
asti
98%
tästä
98%
ja
95%
tupakkaa
95%
määrin
94%
mammonaa
94%
mielin
94%
kahvii
92%
muutama
92%
lantti
91%
on
87%
mulla
76%
vasta
70%
sydän
69%
puolillaan
68%
joka
52%
se
52%
kai
49%
sitä
49%
sitä yhtä
48%
kissapetoja
46%
sen
46%
itseni
45%
yllätin
45%
ei
44%
etenkin
44%
heinikossa
44%
Ikävöimästä
44%
jonka
44%
kavereita
44%
nähneensä
44%
hullua
43%
kaipailin
42%
kanssa
42%
kertoi
42%
poikavuosien
42%
oli
40%
tappelin
40%
toista,
40%
ainoota
37%
kahvitunnilla
37%
seinä
37%
siinä
37%
yhtä
36%
maksoi
35%
niistä
35%
pennin
35%
takaisin
35%
vahvempi
35%
autoa,
34%
että
32%
yhden
32%
kotona,
31%
eri
29%
maattiin
29%
sentään
29%
huoneissa
28%
öitä
27%
talossa,
27%
enkä
26%
oo
26%
unohda,
25%
ihme
24%
jäi
24%
jalkaa
24%
kesken
24%
koulut
24%
lähdettiin,
24%
tuulilasissa,
23%
kaste
16%
hemmon
14%
Ehtoja vastaavia visoja ei löytynyt
Tulosjakauma
Jokaisen tuloksen saaneiden osuus
Persentiili vastausten määrän mukaan
Tuloshistoriasi
Et ole pelannut tätä visaa